| 000 | 00825nam a2200217 i 4500 | ||
|---|---|---|---|
| 001 | 147054 | ||
| 003 | ES-MaACL | ||
| 005 | 20240524063000.0 | ||
| 007 | t| | ||
| 008 | 070920q1952 sp ||||1| spa d | ||
| 100 | 1 |
_aTurguenev, Ivan Sergueevich, _d1818-1883 _9133416 |
|
| 245 | 1 | 0 |
_aEn vísperas _b: un rey lear en la estepa / _cIvan Serguievich Turgueniev ; traducción directa del ruso y notas por Rafael Cansinos Asséns ; nota preliminar F.S.R. |
| 260 |
_a[Madrid : _bAguilar, _c1952] |
||
| 300 |
_a497 p. : _bil. ; _c12 cm. |
||
| 490 | 1 |
_aCol. Crisol ; _v358 |
|
| 700 | 1 |
_aCansinos Asséns, Rafael, _d1882-1964 _934616 |
|
| 700 | 1 |
_aSainz de Robles, Federico Carlos, _d1898-1982 _9101593 |
|
| 830 | 0 |
_aCol. Crisol ; _v358 _9187429 |
|
| 852 |
_aES-MaACL _jD-8517 _bR.34114 |
||
| 999 |
_c147054 _d147054 |
||